|
|
|
|
| LEADER |
00000nam a22000007a 4500 |
| 005 |
20220720213419.0 |
| 007 |
cr|||| |||| |
| 008 |
220720s2022 br |||||s|||| 00||0 por d |
| 020 |
|
|
|a 978655378014-9
|
| 035 |
|
|
|a 36761
|
| 040 |
|
|
|a vLex
|
| 090 |
|
|
|c 13632
|d 13632
|
| 100 |
1 |
|
|a Nogueira da Gama, Guilherme Calmon
|
| 245 |
1 |
0 |
|a Direito das faml̕ias e das sucesse̳s
|h [Recurso electrn̤ico] :
|b 20 anos desde a promulgaȯ̂ do cd̤igo civil /
|c Guilherme Calmon Nogueira da Gama
|
| 256 |
|
|
|a Servicio en ln̕ea
|
| 260 |
|
|
|a Rio de Janeiro:
|b Editora Processo,
|c 2022
|
| 300 |
|
|
|a 1 recurso electrn̤ico
|
| 500 |
|
|
|a O livro Direito das Faml̕ias e das Sucesse̳s foi concebido em razô da consideraȯ̂ de que o pero̕do de vinte anos desde a promulgaȯ̂ do 2ð Cd̤igo Civil brasileiro se revela um tempo razov̀el para identificaȯ̂ dos avanȯs e dos retrocessos na aplicaȯ̂ das suas normas – ou mesmo da consideraȯ̂ de normas nô coerentes com o tempo presente. É plenamente justificv̀el a consolidaȯ̂ do estudo do pero̕do de vinte anos desde a promulgaȯ̂ do Cd̤igo Civil, de forma sistematizada e multidisciplinar por meio de uma obra n︢ica, que aborde os aspectos principais das relaė̳s jurd̕icas que envolvam os institutos, categorias e noė̳s do Direito das Faml̕ias e do Direito das Sucesse̳s. Oxal ̀que nos prx̤imos vinte anos possamos consolidar conquistas identificadas nos textos, corrigir rumos quanto s̉ incongrun̊cias apontadas e inovar positivamente naquilo que se relaciona ̉constitucionalizaȯ̂ do Direito das Faml̕ias e do Direito das Sucesse̳s.
|
| 506 |
1 |
|
|a Disponible solo en los productos indicados
|d vLex Global
|d vLex Global (Academic Edition, excluding Law Schools)
|d vLex Global (U.S. Academic Edition, Law Schools)
|d vLex Global (U.S. Academic Edition, excluding Law Schools)
|d vLex Global (Academic Edition, Law Schools)
|
| 650 |
0 |
4 |
|a Familia y Sucesiones
|z Brasil
|
| 740 |
0 |
|
|a vLex Libros (Servicio en ln̕ea)
|
| 856 |
4 |
0 |
|u https://app.vlex.com/#/sources/36761
|z Acceso restringido
|
| 942 |
|
|
|c BOOK
|
| 999 |
0 |
|
|a Family and Inheritance
|